| 000 | 00635nam a2200217 a 4500 | ||
|---|---|---|---|
| 005 | 20251204064007.0 | ||
| 008 | 991125a2002 mx 000 0 spa u | ||
| 020 | _a9684761120 | ||
| 035 | _aUPN01000123664 | ||
| 049 | _aCG | ||
| 050 | 4 |
_aJF55 _bT3.3a 2002 |
|
| 100 | 1 | _aTamayo y Salmorán, Rolando | |
| 245 | 1 | 0 |
_aIntroducción al estudio de la constitución / _cRolando Tamayo y Salmorán. |
| 250 | _a2a ed. | ||
| 260 |
_aMéxico : _bFontamara, _c2002. |
||
| 300 | _a311 p. | ||
| 440 | 0 |
_aDoctrina jurídica contemporánea ; _v3 |
|
| 650 | 4 |
_aCONSTITUCIONES _910178 |
|
| 650 | 4 |
_aHistoria constitucional _96652 |
|
| 905 | _aLibro | ||
| 999 |
_c95843 _d95843 |
||